01584ngm a2200277 a 450000500170000000800410001704100080005808200160006611000360008224501320011825000180025030000540026849000280032252006050035053400450095565000370100065000430103765000400108094200130112026400350113333600270116833700330119533800280122804000350125699900150129120220317001841.0170410s2014 c g 000 0 s  aspa04a611.8bD37c2 aDiscovery Communications97791810aCuerpo humano al límitebsensibilidad = Human body pushing the limits sensationcDiscovery Communicationshvideodisco digital a1a. edición a1 DVD (43 minutos)bsonido, color, digitalc12 cm aDiscovery en la escuela aMuy cerca de la superficie de la piel se encuentran las antenas que nos permiten percibir el mundo que nos rodea. Esta capa vital es la puerta de entrada a la súper carretera de la información: el sistema nervioso. Millones de nervios transportan nuestras sensaciones hasta el cerebro y alrededor del cuerpo a más de 320 kilómetros por hora. Pero nuestro sistema nervioso también lleva a cabo labores desconocidas por la mayoría de las personas. Esta es la historia de la red de telecomunicaciones más importante del mundo: la del cuerpo humano, vista a través de increíbles sucesos tHuman body pushing the limits: sensation142LEMBaCuerpo humanovVideodiscos142LEMBaFisiología humanavVideodiscos142LEMBaSistema nerviosovVideodiscos 2ddccDVD aBogotábMS Tv & Videosc2014 atextobtxt2rdacontent asin mediaciónbn2rdamedia avolumenbnc2rdacarrier aCO-BoRNBPbspaerdacCO-BoRNBP c8302d8302